[Event "Tata Steel TCh-Asia"]
[Site "Kolkata IND"]
[Date "2009.12.22"]
[Round "1"]
[White "Negi,P"]
[Black "Ahmed,J BAN"]
[Result "1-0"]
[WhiteElo "2620"]
[BlackElo "2150"]

1.e4 c5 2.Nf3 d6 3.d4 cxd4 4.Nxd4 Nf6 5.Nc3 a6 6.Bg5 e6 7.f4 Be7 8.Qf3 Qc7
9.O-O-O Nbd7 10.g4 b5 11.Bxf6 gxf6 12.Bd3 Bb7 13.Rhe1 Nc5 14.Kb1 b4 15.Nce2 O-O-O
16.Qe3 Kb8 17.c3 d5 18.cxb4 Nxd3 19.Rxd3 dxe4 20.Rc3 Qd7 21.Rd1 Qa4 22.Rdc1 Rc8
23.a3 f5 24.gxf5 exf5 25.Nxf5 Bf6 26.Rxc8+ Rxc8 27.Rxc8+ Kxc8 28.Nd6+ Kc7
29.Nxb7 Qd1+ 30.Nc1 Kxb7 31.Qxe4+ Kb6 32.Qd3 Qa4 33.Qxh7 Qd7 34.Qc2 Kb7 35.Nb3 Qd5
36.Nc5+ Kb6 37.Qe4 Qxe4+ 38.Nxe4 Bd4 39.Nd6 Kc7 40.Nxf7 Be3 41.h4  1-0

[Event "Tata Steel TCh-Asia"]
[Site "Kolkata IND"]
[Date "2009.12.23"]
[Round "2"]
[White "Negi,P"]
[Black "Sengupta,D"]
[Result "1-0"]
[WhiteElo "2620"]
[BlackElo "2488"]

1.e4 e6 2.d4 d5 3.Nd2 c5 4.exd5 Qxd5 5.Ngf3 cxd4 6.Bc4 Qd6 7.O-O Nf6 8.Nb3 Nc6
9.Nbxd4 Nxd4 10.Nxd4 Bd7 11.Re1 Qc7 12.Qe2 O-O-O 13.Nb5 Bxb5 14.Bxb5 Bd6
15.h3 Kb8 16.Be3 Bh2+ 17.Kh1 Bf4 18.Qf3 Nd5 19.Bd4 a6 20.Ba4 e5 21.Bb3 Nb4
22.Bc3 Nc6 23.Bd5 f6 24.g3 Bh6 25.Rad1 Rd6 26.Be4 Nd4 27.Bxd4 exd4 28.c4 Qxc4
29.Bxb7 Qf7 30.Be4 Rhd8 31.Qa3 Qd7 32.Rd3 Rb6 33.Bg2 Qd6 34.Rb3 Kc8 35.Rxb6 Qxb6
36.Qe7 Rd7 37.Qf8+ Rd8 38.Qf7 Rd7 39.Re8+ Kc7 40.Qc4+ Kd6 41.Re6+  1-0

[Event "Tata Steel TCh-Asia"]
[Site "Kolkata IND"]
[Date "2009.12.25"]
[Round "4"]
[White "Negi,P"]
[Black "Nguyen Anh Dung"]
[Result "1/2-1/2"]
[WhiteElo "2620"]
[BlackElo "2447"]

1.e4 e5 2.Nf3 Nf6 3.Nxe5 d6 4.Nf3 Nxe4 5.Nc3 Nf6 6.d4 Be7 7.h3 O-O 8.Bd3 Nc6
9.O-O Nb4 10.Bc4 d5 11.Bb3 Bf5 12.Ne2 h6 13.Ne5 Nc6 14.Ng3 Bh7 15.c3 Ne4
16.Nh5 Nf6 17.Nxf6+ Bxf6 18.Nxc6 bxc6 19.Qg4 Bg6 20.Ba4 h5 21.Qg3 Qd7 22.Bg5 Bxg5
23.Qxg5 Rab8 24.b4 a5 25.f4 Be4 26.a3 axb4 27.cxb4 g6 28.Qf6 Rb6 29.Rfc1 Qc8
30.Bc2 c5 31.Qg5  1/2-1/2

[Event "Tata Steel TCh-Asia"]
[Site "Kolkata IND"]
[Date "2009.12.26"]
[Round "5"]
[White "Toufighi,H"]
[Black "Negi,P"]
[Result "0-1"]
[WhiteElo "2454"]
[BlackElo "2620"]

1.e4 c5 2.b3 d6 3.Bb2 Nf6 4.Bxf6 gxf6 5.Qh5 Nc6 6.Nc3 a6 7.a4 Nd4 8.Bd3 Rg8
9.Nge2 Nxe2 10.Nxe2 h6 11.Bc4 e6 12.h4 f5 13.exf5 Qf6 14.O-O d5 15.Bd3 Bd6
16.Rae1 Kd8 17.c4 exf5 18.Nc3 Be6 19.Nxd5 Qd4 20.Re3 f4 21.Rxe6 fxe6 22.Qf7 Qg7
23.Qf6+ Qxf6 24.Nxf6 Rg7 25.Re1 Ke7 26.Nh5 Rf7 27.Bg6 Rff8 28.Be4 Kf7 29.Kh2 Rad8
30.Kh3 Bc7 31.d3 Rg8 32.Rf1 Ke7 33.Re1 Kf7 34.Rf1 Rd4 35.Re1 Rgd8 36.Kg4 Rxd3
37.Bxd3 Rxd3 38.f3 Rxb3 39.Nxf4 Bxf4 40.Kxf4 Rb4 41.Rd1 Kf6 42.a5 Rxc4+ 43.Ke3 Ke5
44.Rb1 Rxh4 45.Rxb7 Ra4 46.Rh7 Ra3+ 47.Kf2 Rxa5 48.Rxh6 Ra2+ 49.Kg3 c4 50.f4+ Kd5
51.Kf3 c3 52.g4 c2 53.Rh1 Rb2 54.Rc1 Kd4 55.Ke2 Kc3 56.g5 Rb1  0-1

[Event "Tata Steel TCh-Asia"]
[Site "Kolkata IND"]
[Date "2009.12.27"]
[Round "6"]
[White "Negi,P"]
[Black "Lo Kin Mun,D"]
[Result "1-0"]
[WhiteElo "2620"]
[BlackElo "2174"]

1.e4 c5 2.Nf3 e6 3.d4 cxd4 4.Nxd4 Nf6 5.Nc3 Nc6 6.Nxc6 bxc6 7.e5 Nd5 8.Ne4 Qc7
9.f4 Qb6 10.c4 Ne3 11.Qd3 Bb4+ 12.Bd2 O-O 13.Rc1 a5 14.a3 Bxd2+ 15.Qxd2 Nxf1
16.Rxf1 Rb8 17.Rf2 c5 18.Qd3 h6 19.Rc3 Kh8 20.Qh3 d5 21.Nf6 Qd8 22.Rg3 d4
23.Rff3 Rg8 24.Rxg7  1-0

[Event "Tata Steel TCh-Asia"]
[Site "Kolkata IND"]
[Date "2009.12.28"]
[Round "7"]
[White "Kalugampitiya,R"]
[Black "Negi,P"]
[Result "0-1"]
[WhiteElo "2135"]
[BlackElo "2620"]

1.e4 c5 2.Nf3 d6 3.d4 cxd4 4.Nxd4 Nf6 5.Nc3 a6 6.Be2 e6 7.a4 Nc6 8.O-O Be7
9.Be3 Qc7 10.f4 O-O 11.Kh1 Re8 12.Bf3 Rb8 13.Qd2 Na5 14.Qf2 Nc4 15.Bc1 e5
16.Nde2 exf4 17.Nxf4 Be6 18.Ncd5 Bxd5 19.Nxd5 Nxd5 20.exd5 Bf6 21.Bh5 Re5
22.g4 Rf8 23.b3 Rxh5 24.gxh5 Bxa1 25.Bf4 Be5 26.bxc4 Qxc4 27.Bxe5 Qxd5+ 28.Qg2 Qxg2+
29.Kxg2 dxe5 30.Rb1 Rc8 31.Rxb7 h6 32.Rb6 Rxc2+ 33.Kg3 Rc3+ 34.Kg2 f5 35.Rxa6 Kf7
36.a5 Ra3 37.h4 e4 38.Ra8 Kf6  0-1

[Event "26th Open"]
[Site "Cappelle la Grande FRA"]
[Date "2010.02.13"]
[Round "1"]
[White "Negi,P"]
[Black "Van Dongen,C1"]
[Result "1-0"]
[WhiteElo "2621"]
[BlackElo "2380"]

1.e4 e6 2.d4 d5 3.Nd2 Nf6 4.e5 Nfd7 5.f4 c5 6.Ndf3 Nc6 7.c3 cxd4 8.cxd4 Bb4+
9.Kf2 f6 10.g3 fxe5 11.fxe5 O-O 12.Kg2 Rf7 13.Bd3 Nf8 14.Ng5 Re7 15.Qh5 h6
16.N5f3 Bd7 17.Ne2 Be8 18.Qg4 Kh8 19.a3 Ba5 20.Bg5 hxg5 21.Nxg5 g6 22.Raf1 Nh7
23.Nxh7 Kxh7 24.Qh4+ Kg7 25.Rf8  1-0

[Event "26th Open"]
[Site "Cappelle la Grande FRA"]
[Date "2010.02.14"]
[Round "2"]
[White "Le Roux,JP"]
[Black "Negi,P"]
[Result "1/2-1/2"]
[WhiteElo "2497"]
[BlackElo "2621"]

1.d4 Nf6 2.Nf3 g6 3.c4 Bg7 4.g3 d5 5.cxd5 Nxd5 6.Bg2 Nb6 7.Nc3 Nc6 8.e3 O-O
9.O-O Re8 10.Re1 Bg4 11.h3 Bd7 12.Nd2 e5 13.d5 Na5 14.Qe2 c6 15.b4 e4 16.Bb2 Nxd5
17.Nxd5 Bxb2 18.Nf4 Bxa1 19.Rxa1 c5 20.bxa5 Bc6 21.Nc4 Qf6 22.Rb1 Rad8 23.Qc2 Rd7
24.g4 Rdd8 25.Nd2 Qe5 26.Ne2 Qd5 27.Rb2 Qe5 28.Rb1 Qd5 29.Rb2  1/2-1/2

[Event "26th Open"]
[Site "Cappelle la Grande FRA"]
[Date "2010.02.15"]
[Round "3"]
[White "Negi,P"]
[Black "Lalic,B"]
[Result "1/2-1/2"]
[WhiteElo "2621"]
[BlackElo "2494"]

1.e4 e5 2.Nf3 Nc6 3.Bb5 Nf6 4.O-O Nxe4 5.d4 Be7 6.Qe2 Nd6 7.Bxc6 bxc6 8.dxe5 Nb7
9.Nc3 O-O 10.Nd4 Bc5 11.Rd1 Re8 12.Bf4 Bxd4 13.Rxd4 d5 14.Re1 Nc5 15.Bg3 Bf5
16.h4 a5 17.Rd2 Qb8 18.b3 Qb4 19.Qe3 a4 20.f3 axb3 21.cxb3 Ne6  1/2-1/2

[Event "26th Open"]
[Site "Cappelle la Grande FRA"]
[Date "2010.02.18"]
[Round "7"]
[White "Negi,P"]
[Black "Dragun,K"]
[Result "1-0"]
[WhiteElo "2621"]
[BlackElo "2300"]

1.e4 e5 2.Nf3 Nc6 3.Bb5 a6 4.Ba4 Nf6 5.O-O Be7 6.Re1 b5 7.Bb3 d6 8.c3 O-O
9.h3 Na5 10.Bc2 d5 11.d4 dxe4 12.Nxe5 c5 13.Nd2 cxd4 14.Nxe4 dxc3 15.Qf3 Be6
16.b4 Nc4 17.Nc6 Qd7 18.Nxe7+ Qxe7 19.Bg5 Ne5 20.Nxf6+ gxf6 21.Rxe5 fxg5
22.Qh5 f5 23.Rxe6 Qxe6 24.Bb3  1-0

[Event "26th Open"]
[Site "Cappelle la Grande FRA"]
[Date "2010.02.19"]
[Round "8"]
[White "Abergel,T"]
[Black "Negi,P"]
[Result "0-1"]
[WhiteElo "2538"]
[BlackElo "2621"]

1.e4 c5 2.Nf3 d6 3.d4 cxd4 4.Nxd4 Nf6 5.Nc3 a6 6.Qf3 g6 7.h3 Bg7 8.Be3 Bd7
9.g4 Nc6 10.O-O-O O-O 11.Qg2 Rc8 12.Be2 Nxd4 13.Bxd4 e5 14.Be3 Rxc3 15.bxc3 Qa5
16.g5 Nh5 17.Bxh5 gxh5 18.Qf1 Rc8 19.c4 Be6 20.Qd3 Bxc4 21.Qxd6 Qxa2 22.Qd7 Qa3+
23.Kd2 Qa5+ 24.Kc1 Be6 25.Qxb7 Bf8 26.Rhe1 Bb4  0-1

[Event "26th Open"]
[Site "Cappelle la Grande FRA"]
[Date "2010.02.20"]
[Round "9"]
[White "Negi,P"]
[Black "Zherebukh,Y"]
[Result "1/2-1/2"]
[WhiteElo "2621"]
[BlackElo "2531"]

1.e4 c5 2.Nf3 d6 3.d4 cxd4 4.Nxd4 Nf6 5.Nc3 a6 6.Bg5 e6 7.f4 Nc6 8.e5 h6
9.Bh4 dxe5 10.Nxc6 Qxd1+ 11.Rxd1 bxc6 12.fxe5 Nd7 13.Be2 Rb8 14.Ne4 Rb4 15.Bf3 Be7
16.Bg3 Rxb2 17.Nd6+ Bxd6 18.Rxd6 Rxc2 19.Rxc6 Rxc6 20.Bxc6 O-O  1/2-1/2

[Event "ch-IND National Teams"]
[Site "Gurgaon IND"]
[Date "2010.02.22"]
[Round "3"]
[White "Negi,P"]
[Black "Sriram,J"]
[Result "1/2-1/2"]
[WhiteElo "2621"]
[BlackElo "2511"]

1.e4 e5 2.Nf3 Nc6 3.Bb5 a6 4.Ba4 Nf6 5.O-O Be7 6.Re1 b5 7.Bb3 d6 8.c3 O-O
9.h3 Nb8 10.d4 Nbd7 11.Nbd2 Bb7 12.Bc2 Re8 13.Nf1 Bf8 14.Ng3 g6 15.b3 c6
16.Bg5 Bg7 17.Qd2 Qc7 18.Rad1 Nf8 19.Be3 Rad8 20.Qc1 Ne6 21.c4 bxc4 22.bxc4 c5
23.d5 Nd4 24.Ba4 Nd7 25.Bd2 Ra8 26.Nh2 Rf8 27.Bc3 a5 28.Qd2 Nb6 29.Bb5  1/2-1/2

[Event "ch-IND National Teams"]
[Site "Gurgaon IND"]
[Date "2010.02.23"]
[Round "4"]
[White "Anilkumar,O"]
[Black "Negi,P"]
[Result "0-1"]
[WhiteElo "2255"]
[BlackElo "2621"]

1.d3 d5 2.g3 g6 3.Bg2 Bg7 4.e4 dxe4 5.dxe4 Qxd1+ 6.Kxd1 Nc6 7.c3 b6 8.Be3 Ba6
9.f4 O-O-O+ 10.Nd2 e5 11.f5 Nf6 12.Ke1 gxf5 13.exf5 e4 14.Bg5 Rhe8 15.Ne2 Ne5
16.Bxf6 Bxf6 17.Nxe4 Nd3+ 18.Kf1 Bg7 19.Rg1 Nc5 20.Nxc5 Bxe2+ 21.Kf2 bxc5
22.Bc6 Re7 23.Rae1 Rd2  0-1

[Event "ch-IND National Teams"]
[Site "Gurgaon IND"]
[Date "2010.02.24"]
[Round "5"]
[White "Negi,P"]
[Black "Sasikiran,K"]
[Result "1/2-1/2"]
[WhiteElo "2621"]
[BlackElo "2653"]

1.e4 e5 2.Nf3 Nc6 3.Bb5 a6 4.Ba4 Nf6 5.O-O Be7 6.Re1 b5 7.Bb3 d6 8.c3 O-O
9.h3 Nb8 10.d4 Nbd7 11.Nbd2 Bb7 12.Bc2 Re8 13.Nf1 Bf8 14.Ng3 g6 15.b3 c6
16.Bg5 Bg7 17.Qd2 Qe7 18.Rad1 Qf8 19.c4 Rac8 20.d5 bxc4 21.bxc4 cxd5 22.cxd5 Rc7
23.Rb1 Rec8 24.Rb2 Ba8 25.Reb1 Nc5 26.Ne1 h5 27.f3 Kh7 28.Nd3 Nfd7 29.Nxc5 Nxc5
30.Nf1 Bh6 31.Bxh6 Qxh6 32.Qxh6+ Kxh6 33.Rb6 Kg5 34.Ne3 Rd8 35.Rb8 Rcd7 36.Nc4 Kf6
37.Rxd8 Rxd8 38.Rb6 Ke7 39.Kf2 Rd7 40.a3 Bb7 41.Ke3 h4 42.Bd3 Na4 43.Rb4 Nc5
44.Na5 Bc8 45.Rb6 Rc7 46.Be2 f5 47.Nc4 Na4 48.Rb4 Nc5 49.Na5 Bd7 50.Rb8 Kf6
51.Rb6 Ke7 52.Nc4 Rb7 53.Rxb7 Nxb7 54.Nb6 Nc5 55.Bc4 Kd8 56.a4 Kc7 57.Nxd7 Kxd7
58.a5 Ke7 59.Be2 Nb3 60.Bxa6 Nxa5 61.f4 Kf6 62.exf5 gxf5 63.fxe5+ Kxe5 64.Kf3 Nb3
65.g3 Nd2+ 66.Kg2 hxg3 67.Kxg3 Ne4+ 68.Kf3 Ng5+ 69.Kg3 Nh7 70.Kf3 Nf6 71.h4 Nxd5
72.h5 Ne7 73.h6 Kf6 74.Bd3 Kg6 75.Kf4 Nd5+ 76.Kf3 Nf6 77.h7 Nxh7 78.Kf4 Kf6
79.Bxf5 Ng5 80.Bd3 d5  1/2-1/2

[Event "ch-IND National Teams"]
[Site "Gurgaon IND"]
[Date "2010.02.25"]
[Round "6"]
[White "Roy Chowdhury,S"]
[Black "Negi,P"]
[Result "0-1"]
[WhiteElo "2413"]
[BlackElo "2621"]

1.e4 c5 2.Nf3 d6 3.Nc3 a6 4.d4 cxd4 5.Nxd4 Nf6 6.Be3 e5 7.Nf3 Be7 8.Bc4 O-O
9.O-O Nc6 10.Qe2 Be6 11.Bb3 Qc7 12.Rfd1 Rac8 13.Bg5 Na5 14.Rac1 Nh5 15.Be3 Nc4
16.Bxc4 Bxc4 17.Qd2 b5 18.a3 Rfd8 19.h3 h6 20.Qe1 Qb7 21.b3 Be6 22.Nd5 Bxd5
23.exd5 e4 24.Nh2 f5 25.c4 Bg5 26.Bxg5 hxg5 27.g3 bxc4 28.bxc4 Qa7 29.Nf1 Re8
30.Qe3 Qe7 31.c5 f4 32.Qe2 Nf6 33.c6 Qe5 34.g4 Kh8 35.Nd2 Qxd5 36.Nc4 Qxc6
37.Nxd6 Qxc1 38.Rxc1 Rxc1+ 39.Kh2 Re7 40.Qd2 Rcc7 41.Nf5 Red7 42.Qb2 Kh7
43.Kg2 Rd1  0-1

[Event "ch-IND National Teams"]
[Site "Gurgaon IND"]
[Date "2010.02.26"]
[Round "7"]
[White "Negi,P"]
[Black "Praveen Kumar,C1"]
[Result "1-0"]
[WhiteElo "2621"]
[BlackElo "2421"]

1.e4 e6 2.d4 d5 3.Nc3 Bb4 4.e5 c5 5.a3 Bxc3+ 6.bxc3 Ne7 7.Qg4 O-O 8.Bd3 f5
9.exf6 Rxf6 10.Bg5 Rf7 11.Qh5 g6 12.Qd1 Nbc6 13.Nf3 Qf8 14.h4 c4 15.Be2 h6
16.Bd2 Nf5 17.Qc1 Rh7 18.Bf4 Nd6 19.Ne5 Nxe5 20.Bxe5 Bd7 21.Rh3 Ne4 22.Qe3 Rf7
23.f4 Ba4 24.Bxc4 Bxc2 25.Be2 Rc8 26.c4 Qd8 27.Rc1 Qa5+ 28.Kf1 Ba4 29.Bg4 Bd7
30.h5 g5 31.Kg1 Qd8 32.Bf3 Qf8 33.Bxe4 gxf4 34.Qf3 dxe4 35.Qg4+ Rg7 36.Bxg7 Qxg7
37.Rh4 f3 38.Qxg7+ Kxg7 39.Rxe4  1-0

[Event "ch-IND National Teams"]
[Site "Gurgaon IND"]
[Date "2010.02.26"]
[Round "8"]
[White "Ramnath,B"]
[Black "Negi,P"]
[Result "1/2-1/2"]
[WhiteElo "2382"]
[BlackElo "2621"]

1.e4 c5 2.Nf3 d6 3.d4 cxd4 4.Nxd4 Nf6 5.Nc3 a6 6.Bc4 e6 7.Bb3 Nc6 8.Be3 Qc7
9.Qe2 Be7 10.O-O-O O-O 11.Rhg1 b5 12.g4 b4 13.Nd5 Nxd5 14.Nxc6 Nxe3 15.Nxe7+ Qxe7
16.Qxe3 a5 17.Rd4 a4 18.Bc4 Qc7 19.Qd3 Bb7 20.Rd1 Rfc8 21.Rxd6 b3 22.Rd7 bxc2
23.Rd2 Qf4 24.Rxb7 h5 25.b3 axb3 26.Bxb3 hxg4 27.Qe3 Qe5 28.Qd4 Qxh2 29.Rxc2 Rxc2+
30.Bxc2 Qg1+ 31.Qd1 Qxf2 32.Qxg4 Qf1+ 33.Qd1 Qxd1+ 34.Kxd1 Rxa2 35.Rb8+ Kh7
36.Rf8 f5 37.exf5 exf5 38.Rxf5 Kh6 39.Rc5 g5 40.Ke2 g4 41.Kf2 Ra3 42.Bd1 g3+
43.Kg2 Kg6 44.Bf3 Kf6 45.Kxg3 Ra4 46.Kf2 Ra3 47.Ke2 Ke6 48.Be4 Kd6 49.Rd5+ Ke6
50.Rh5 Kd6 51.Bd3 Ra2+ 52.Ke3 Ra1 53.Kd4 Rd1 54.Rh6+ Ke7 55.Kc4 Rd2 56.Kd4 Rd1
57.Ke4 Rc1 58.Ke5 Rc5+ 59.Kd4 Rc1 60.Be4 Rc7 61.Ke5 Rc5+ 62.Bd5 Rc7 63.Bc6 Kd8
64.Kd6 Rd7+ 65.Kc5 Rg7 66.Kd6 Rd7+ 67.Kc5 Rg7 68.Re6 Re7 69.Rd6+ Kc7 70.Bd5 Re5
71.Ra6 Re7 72.Rf6 Rg7 73.Rc6+ Kd7 74.Rd6+ Ke7 75.Re6+ Kd7 76.Re5 Kc7 77.Bc6 Rh7
78.Bd5 Rg7 79.Re6 Kd7 80.Ra6  1/2-1/2

[Event "ch-IND National Teams"]
[Site "Gurgaon IND"]
[Date "2010.02.27"]
[Round "9"]
[White "Negi,P"]
[Black "Sengupta,P"]
[Result "1-0"]
[WhiteElo "2621"]
[BlackElo "2077"]

1.e4 e6 2.d4 d5 3.Nc3 Bb4 4.e5 c5 5.a3 Bxc3+ 6.bxc3 Qc7 7.Qg4 f5 8.Qg3 Ne7
9.Qxg7 Rg8 10.Qxh7 cxd4 11.Ne2 Qxe5 12.cxd4 Qf6 13.Qh5+ Ng6 14.Bg5 Qf7 15.h4 Nc6
16.c3 e5 17.dxe5 Rh8 18.Qf3 Ngxe5 19.Qe3 Kf8 20.Nf4 Kg7 21.Be2 Bd7 22.Qg3 Rae8
23.Bf6+ Kh7 24.Bxh8 Kxh8 25.Qg5 d4 26.O-O d3 27.Bh5 Qf8 28.Bxe8 Bxe8 29.Rad1 Qd6
30.Qxf5 d2 31.Ne6 Qe7 32.Rxd2  1-0

[Event "12th Open"]
[Site "Dubai UAE"]
[Date "2010.04.06"]
[Round "2"]
[White "Negi,P"]
[Black "Ghane,S"]
[Result "1-0"]
[WhiteElo "2634"]
[BlackElo "2375"]

1.e4 e6 2.d4 d5 3.Nc3 Nf6 4.Bg5 dxe4 5.Nxe4 Be7 6.Bxf6 Bxf6 7.Nf3 Nd7 8.Bd3 O-O
9.Qe2 c5 10.O-O-O cxd4 11.h4 Be7 12.Kb1 Qb6 13.Ka1 Nc5 14.Nxc5 Qxc5 15.Ng5 g6
16.f4 Bd7 17.Ne4 Qa5 18.h5 Bc6 19.Rh3 Rac8 20.hxg6 Bd5 21.gxf7+ Rxf7 22.b3 Bxe4
23.Bxe4 d3 24.Rhxd3 Bf6+ 25.Kb1 Kh8 26.g4 b5 27.g5 Bc3 28.Qh5 Re7 29.Rd7 Rce8
30.Rxe7 Rxe7 31.Bxh7 Qc7 32.Bf5+ Kg8 33.Qg6+  1-0

[Event "12th Open"]
[Site "Dubai UAE"]
[Date "2010.04.07"]
[Round "3"]
[White "Shanava,K"]
[Black "Negi,P"]
[Result "1/2-1/2"]
[WhiteElo "2544"]
[BlackElo "2634"]

1.e4 c5 2.Nf3 e6 3.d4 cxd4 4.Nxd4 a6 5.Nc3 d6 6.f4 b5 7.Bd3 Bb7 8.Qe2 Nf6
9.Bd2 Qb6 10.Nb3 Nbd7 11.a4 b4 12.a5 Qc7 13.Na4 d5 14.e5 Ne4 15.Be3 Ndc5
16.Nbxc5 Nxc5 17.Nb6 Rb8 18.Bd4 Be7 19.O-O O-O 20.Bxh7+ Kxh7 21.Qh5+ Kg8
22.Rf3 f5 23.Rh3 Qd8 24.Qh7+ Kf7 25.Qh5+ Kg8 26.Qh7+ Kf7 27.Qh5+ Kg8  1/2-1/2

[Event "12th Open"]
[Site "Dubai UAE"]
[Date "2010.04.10"]
[Round "6"]
[White "Negi,P"]
[Black "Ghaem Maghami,E"]
[Result "1/2-1/2"]
[WhiteElo "2634"]
[BlackElo "2575"]

1.e4 c5 2.Nf3 d6 3.d4 cxd4 4.Nxd4 Nf6 5.Nc3 a6 6.Bg5 Nbd7 7.Qe2 e6 8.f4 Be7
9.O-O-O Qc7 10.Nf3 h6 11.Bh4 e5 12.g3 Nb6 13.Qd3 Bg4 14.h3 Bxf3 15.Qxf3 Ng8
16.Qg4 Nf6 17.Bxf6 Bxf6 18.f5 Rc8 19.Qe2 Qd7 20.Qf3 Rc6 21.h4 Qc7 22.Rh2 Ke7
23.Rd3 Rc8 24.g4 Ke8 25.Kb1 Rc4 26.Qg3 d5 27.g5 d4 28.gxf6 gxf6 29.Be2 dxc3
30.Bh5 Nd7 31.bxc3 Nf8 32.Rhd2  1/2-1/2

[Event "ch-Commonwealth"]
[Site "Delhi IND"]
[Date "2010.05.10"]
[Round "1"]
[White "Narayanan,SL"]
[Black "Negi,P"]
[Result "1/2-1/2"]
[WhiteElo "1964"]
[BlackElo "2636"]

1.e4 c5 2.Nf3 e6 3.d4 cxd4 4.Nxd4 Nc6 5.Nb5 d6 6.Bf4 e5 7.Be3 Nf6 8.N1c3 a6
9.Na3 b5 10.Nd5 Nxd5 11.exd5 Nb8 12.c4 Be7 13.cxb5 O-O 14.Nc4 f5 15.f3 axb5
16.Nb6 Bg5 17.Bxg5 Qxb6 18.Qd2 b4 19.Be3 Qa5 20.Bc4 Ba6 21.Bxa6 Nxa6 22.O-O Nc5
23.Rfc1 Rfc8 24.Bxc5 Rxc5 25.Qg5 f4 26.Qf5 Qc7 27.Qe6+ Kh8 28.Rxc5 Qxc5+
29.Kh1 h6 30.h4 Ra5 31.Qe8+ Kh7 32.h5 Qxd5 33.Qg6+ Kh8 34.Rc1 Ra8 35.Rc7 Rg8
36.b3 Qd2 37.Qf5 Qxa2 38.Rxg7 Rxg7 39.Qf8+ Kh7 40.Qf5+ Kg8 41.Qc8+ Kf7 42.Qd7+ Kf8
43.Qd8+ Kf7 44.Qd7+ Kg8 45.Qc8+ Kf7 46.Qd7+ Kg8 47.Qc8+ Kf7  1/2-1/2

[Event "ch-Commonwealth"]
[Site "Delhi IND"]
[Date "2010.05.12"]
[Round "4"]
[White "Negi,P"]
[Black "Meenakshi,Sub"]
[Result "1-0"]
[WhiteElo "2636"]
[BlackElo "2348"]

1.e4 e5 2.Nf3 Nc6 3.Bb5 a6 4.Ba4 Nf6 5.O-O b5 6.Bb3 Bc5 7.a4 Rb8 8.Nxe5 Nxe5
9.d4 Bxd4 10.Qxd4 d6 11.f4 Nc6 12.Qc3 Ne7 13.Qd3 O-O 14.Nc3 Bb7 15.axb5 axb5
16.e5 dxe5 17.Qxd8 Rfxd8 18.fxe5 Nfd5 19.Bg5 Rf8 20.Ra7 c6 21.Nxd5 Nxd5 22.Bxd5 cxd5
23.e6 fxe6 24.Rxf8+ Kxf8 25.Bf4 Rc8 26.Rxb7 Rxc2 27.Be5 Re2 28.Bxg7+ Kg8
29.Kf1  1-0

[Event "ch-Commonwealth"]
[Site "Delhi IND"]
[Date "2010.05.12"]
[Round "5"]
[White "Narayanan,Sr"]
[Black "Negi,P"]
[Result "0-1"]
[WhiteElo "2393"]
[BlackElo "2636"]

1.e4 c5 2.Nf3 d6 3.d4 cxd4 4.Nxd4 Nf6 5.Nc3 g6 6.Be3 Bg7 7.f3 O-O 8.Qd2 Nc6
9.O-O-O d5 10.exd5 Nxd5 11.Nxc6 bxc6 12.Bd4 Bxd4 13.Qxd4 Qb6 14.Na4 Qa5 15.b3 Qc7
16.h4 h5 17.Bc4 Nb6 18.Nb2 Bf5 19.g4 Rad8 20.Qe3 Rxd1+ 21.Rxd1 hxg4 22.fxg4 Bxg4
23.Rg1 Bh5 24.Qg5 Qh2 25.Rg2 Qh1+ 26.Rg1 Qe4 27.Bd3 Qd4 28.Rg3 Nd5 29.Nc4 Qa1+  0-1

[Event "ch-Commonwealth"]
[Site "Delhi IND"]
[Date "2010.05.13"]
[Round "6"]
[White "Negi,P"]
[Black "Iuldachev,S"]
[Result "1-0"]
[WhiteElo "2636"]
[BlackElo "2511"]

1.e4 e5 2.Nf3 Nc6 3.Bb5 Nf6 4.Nc3 Bb4 5.O-O O-O 6.d3 d6 7.Bg5 Bxc3 8.bxc3 Qe7
9.Re1 Nd8 10.d4 Bg4 11.h3 Bxf3 12.Qxf3 Ne6 13.Be3 h6 14.h4 Nh7 15.g3 Qf6
16.Qd1 Qg6 17.a4 Nf6 18.Bd3 a5 19.Qf3 Ng4 20.Bc1 Rae8 21.Rb1 exd4 22.e5 f5
23.exd6 cxd6 24.cxd4 Nxd4 25.Qd5+ Qf7 26.Qxf7+ Kxf7 27.Rxb7+ Kg6 28.Rxe8 Rxe8
29.Kg2 Ne5 30.Bb2 Nef3 31.Rd7 Ne1+ 32.Kf1 Nxd3 33.Bxd4 Re1+ 34.Kg2 Nc5 35.Rxg7+ Kh5
36.f3 Ne6 37.g4+  1-0

[Event "ch-Commonwealth"]
[Site "Delhi IND"]
[Date "2010.05.14"]
[Round "7"]
[White "Sriram,J"]
[Black "Negi,P"]
[Result "0-1"]
[WhiteElo "2507"]
[BlackElo "2636"]

1.Nf3 d5 2.c4 e6 3.g3 Nf6 4.Bg2 dxc4 5.Na3 Qd5 6.O-O Nbd7 7.Ne1 Qc5 8.Qa4 c6
9.Qxc4 Nb6 10.Qxc5 Bxc5 11.Nac2 e5 12.Nf3 e4 13.Ne5 Bf5 14.d4 exd3 15.Nxd3 Bxd3
16.exd3 O-O 17.d4 Be7 18.Re1 Nfd5 19.Ne3 Bb4 20.Rd1 Rad8 21.Nxd5 Nxd5 22.Bg5 Rd6
23.Rd3 h6 24.Rb3 Ba5 25.Bxd5 hxg5 26.Bf3 Rxd4 27.Rxb7 Bb6 28.Rd1 Rb4 29.Rdd7 Rxb2
30.Bxc6 Bxf2+ 31.Kg2 Bb6+ 32.Kh3 Rxa2 33.Rxf7 Rxf7 34.Rxf7 Rxh2+ 35.Kxh2 Kxf7
36.Kg2 g4 37.Bd7 a5 38.Bxg4 a4 39.Bd1 a3 40.Kf3 Kf6 41.Bb3 Ke5 42.Ke2 Ke4
43.g4 Be3 44.Bg8 Bg5  0-1

[Event "ch-Commonwealth"]
[Site "Delhi IND"]
[Date "2010.05.15"]
[Round "8"]
[White "Negi,P"]
[Black "Safarli,E"]
[Result "1-0"]
[WhiteElo "2636"]
[BlackElo "2610"]

1.e4 e5 2.Nf3 Nc6 3.Bb5 a6 4.Ba4 Nf6 5.O-O Be7 6.Re1 b5 7.Bb3 d6 8.c3 O-O
9.h3 Nb8 10.d4 Nbd7 11.Nbd2 Bb7 12.Bc2 Re8 13.Nf1 Bf8 14.Ng3 g6 15.b3 Rb8
16.d5 c6 17.c4 bxc4 18.bxc4 Nc5 19.Bg5 Be7 20.Be3 Nfd7 21.Rb1 Qc7 22.Nd2 a5
23.Nb3 Ba6 24.Qd2 Bxc4 25.dxc6 Qxc6 26.Nxa5 Qa6 27.Nxc4 Qxc4 28.a3 Ra8 29.a4 Reb8
30.Rec1 Qa2 31.Ne2 Rxb1 32.Rxb1 Nxa4 33.Rb7 Rc8 34.Rxd7 Rxc2 35.Qb4 Rb2 36.Qa5 Bf8
37.Nc1 Qc4 38.Qd8 Nc5 39.Rc7 Rb1 40.Kh2 Rxc1 41.Qe8 Qe6 42.Qxe6 fxe6 43.Bxc1 Nxe4
44.f3 Nf6 45.Bb2 Nd5 46.Ra7 Nf6 47.f4 Bh6 48.g3 Nd5 49.fxe5 dxe5 50.Bxe5 Bf8
51.Kg2 Be7 52.Kf3 Kf7 53.Ke4 h5 54.Bd4 Kf8 55.Rb7 Bd6 56.Be5 Be7 57.Ra7 Kf7
58.Bb2 Kf8 59.Ba3 Bxa3 60.Rxa3 Ke7 61.Ke5 Nf6 62.Ra7+ Nd7+ 63.Kf4 e5+ 64.Kg5 Ke6
65.Kxg6 e4 66.Kg5 h4 67.gxh4 Nc5 68.Kf4 Kd5  1-0

[Event "3rd Mayor's Cup"]
[Site "Mumbai IND"]
[Date "2010.06.02"]
[Round "1"]
[White "Jotish,J"]
[Black "Negi,P"]
[Result "0-1"]
[WhiteElo "1853"]
[BlackElo "2636"]

1.e4 c5 2.c3 Qa5 3.Bc4 e6 4.Nf3 b5 5.Bb3 c4 6.Bc2 Bb7 7.O-O Qc7 8.d4 cxd3
9.Qxd3 Nf6 10.Re1 Bc5 11.h3 Qb6 12.Qe2 d5 13.e5 Ne4 14.Be3 Bxe3 15.Qxe3 Nd7
16.Nbd2 Qxe3 17.Rxe3 Nxd2 18.Nxd2 Nb6 19.Bd3 a6 20.Nb3 g5 21.Kf1 Ke7 22.Nd4 h5
23.Ke2 Nc4 24.Bxc4 dxc4 25.g3 Rad8 26.a3 Rd5 27.Rg1 g4 28.h4 a5 29.Ra1 Rhd8
30.Rd1 R8d7 31.Kd2 Kd8 32.Kc2 Kc7 33.Ree1 Bc6 34.Kc1 b4 35.Rd2 Ba4 36.Ree2 Kb6
37.Re1 Rd8 38.Ree2 Kb7 39.Re1 f6 40.Rde2 f5 41.Rd2 Bd7 42.Ree2 Kc7 43.Nc2 bxc3
44.bxc3 Rd3 45.Re3 Rxd2 46.Kxd2 Rb8 47.Re1 Rb2 48.Kc1 Rb3 49.Kd2 Bc6 50.Nd4 Rxa3
51.Nxe6+ Kd7 52.Ng7 Be4 53.Nxh5 Ke6 54.Nf4+ Kxe5 55.Ne2 a4 56.Nd4 Kf6 57.Nc2 Rb3
58.Nb4 a3 59.Rc1 Ke5 60.Ra1 f4 61.h5 Rb2+ 62.Ke1 fxg3 63.fxg3 Rb1+ 64.Rxb1 Bxb1
65.Kd2 a2 66.Nxa2 Bxa2 67.Ke3 Bb1 68.h6 Bh7  0-1

[Event "3rd Mayor's Cup"]
[Site "Mumbai IND"]
[Date "2010.06.03"]
[Round "2"]
[White "Negi,P"]
[Black "Matta,V"]
[Result "1-0"]
[WhiteElo "2636"]
[BlackElo "2256"]

1.e4 e5 2.Nf3 Nc6 3.Bb5 a6 4.Ba4 Nf6 5.O-O Be7 6.Re1 b5 7.Bb3 d6 8.c3 O-O
9.d4 Bg4 10.d5 Na5 11.Bc2 c6 12.h3 Bc8 13.dxc6 Qc7 14.Nbd2 Qxc6 15.a4 h6
16.Nf1 Be6 17.Nh4 Rfc8 18.Ne3 Bf8 19.Nhf5 Kh8 20.Qf3 Ng8 21.Nd5 g6 22.Nfe3 Nc4
23.axb5 axb5 24.Rxa8 Rxa8 25.Nb4 Qb7 26.Ned5 Ra1 27.Qe2 Ne7 28.Rd1 Bxd5 29.exd5 f5
30.Kh2 Bg7 31.b3 Na3 32.Bb2 Nxc2 33.Bxa1 Nxa1 34.Rxa1 Nxd5 35.Nxd5 Qxd5 36.c4 bxc4
37.Qxc4 Qxc4 38.bxc4 e4 39.Rd1 Bc3 40.Kg1 Bb4 41.Rb1 Bc5 42.Rb7 Kg8 43.g4 f4
44.Re7 e3 45.fxe3 Kf8 46.Rd7 fxe3 47.Kf1 Kg8 48.Ke2 h5 49.gxh5 gxh5 50.Kf3 h4
51.Re7  1-0

[Event "3rd Mayor's Cup"]
[Site "Mumbai IND"]
[Date "2010.06.03"]
[Round "3"]
[White "Kaiyrbekov,R"]
[Black "Negi,P"]
[Result "0-1"]
[WhiteElo "2386"]
[BlackElo "2636"]

1.d4 Nf6 2.c4 g6 3.Nc3 d5 4.Nf3 Bg7 5.Bg5 Ne4 6.cxd5 Nxg5 7.Nxg5 e6 8.Nf3 exd5
9.e3 O-O 10.Be2 c6 11.O-O Bf5 12.Ne1 Nd7 13.Nd3 Qe7 14.a3 Rfe8 15.b4 Bxd3
16.Bxd3 b5 17.Qb3 Nb6 18.a4 a6 19.Ra2 Nc4 20.Rfa1 Nxe3 21.Re2 Qg5 22.fxe3 Rxe3
23.Qc2 Rae8 24.Kh1 Bxd4 25.Rf1 R8e6 26.axb5 axb5 27.Rxe3 Bxe3 28.Ne2 Rf6
29.Ng1 Qh4 30.Rxf6 Qxf6 31.Nf3 Qa1+ 32.Qb1 Qc3 33.Qc2 Bd4 34.Qe2 Bf6 35.h3 Kg7
36.Qd2 Qb3 37.Bc2 Qa3 38.Kg1 Bc3 39.Qf4 Qxb4 40.Qc7 Qc5+ 41.Kh1 Bf6 42.Ne5 Bxe5
43.Qxe5+ Kf8 44.Bd3 b4 45.Qh8+ Ke7 46.Qxh7 Qc1+ 47.Kh2 Qg5 48.Qh8 Qf4+ 49.Kh1 c5
50.Qc8 Qc1+ 51.Kh2 Qf4+ 52.Kh1 c4 53.Qb7+ Ke6 54.Qc8+ Kf6 55.Be2 Kg7 56.Qc5 b3
57.Qxd5 b2 58.Qb5 Qc1+  0-1